El Quijote de Avellaneda fue obra del doctor Christoval Suarez de Figueroa / (Record no. 14476)
[ view plain ]
| 000 -LEADER | |
|---|---|
| campo de control de longitud fija | 00887nam a2200205 i 4500 |
| 001 - NÚMERO DE CONTROL | |
| campo de control | 14476 |
| 003 - IDENTIFICADOR DE NÚMERO DE CONTROL | |
| campo de control | ES-MaACL |
| 005 - FECHA Y HORA DE LA ÚLTIMA TRANSACCIÓN | |
| campo de control | 20230906150825.0 |
| 007 - CAMPO FIJO DE DESCRIPCIÓN FÍSICA--INFORMACIÓN GENERAL | |
| campo de control de longitud fija | t| |
| 008 - DATOS DE LONGITUD FIJA--INFORMACIÓN GENERAL | |
| campo de control de longitud fija | 990324s1993 sp ||||1| spa d |
| 080 ## - NÚMERO DE LA CLASIFICACIÓN DECIMAL UNIVERSAL | |
| Número de la Clasificación Decimal Universal | 821.134.2 Suárez de Figueroa, Cristóbal 5.06 |
| 080 ## - NÚMERO DE LA CLASIFICACIÓN DECIMAL UNIVERSAL | |
| Número de la Clasificación Decimal Universal | 821.134.2 Fernández de Avellaneda, Alonso 7 Segundo tomo del ingenioso hidalgo don Quijote de la Mancha.06 |
| 100 1# - ENTRADA PRINCIPAL--NOMBRE DE PERSONA | |
| Nombre de persona | Espin Rodrigo, Enrique. |
| 9 (RLIN) | 47830 |
| 245 13 - MENCIÓN DEL TÍTULO | |
| Título | El Quijote de Avellaneda fue obra del doctor Christoval Suarez de Figueroa / |
| Mención de responsabilidad, etc. | Enrique Espin Rodrigo. |
| 260 ## - PUBLICACIÓN, DISTRIBUCIÓN, ETC. | |
| Lugar de publicación, distribución, etc. | Murcia : |
| Nombre del editor, distribuidor, etc. | [s.n., |
| Fecha de publicación, distribución, etc. | 1993] |
| 300 ## - DESCRIPCIÓN FÍSICA | |
| Extensión | 159 p. ; |
| Dimensiones | 22 cm. |
| 600 14 - PUNTO DE ACCESO ADICIONAL DE MATERIA--NOMBRE DE PERSONA | |
| Nombre de persona | Fernández de Avellaneda, Alonso. |
| Título de la obra | Segundo tomo del ingenioso hidalgo don Quijote de la Mancha- |
| Subdivisión general | Crítica e interpretación. |
| 9 (RLIN) | 49626 |
| 600 14 - PUNTO DE ACCESO ADICIONAL DE MATERIA--NOMBRE DE PERSONA | |
| Nombre de persona | Suarez de Figueroa, Cristóbal- |
| Subdivisión general | Obras atribuidas. |
| 9 (RLIN) | 108605 |
| 852 ## - LOCALIZACIÓN | |
| Ubicación | ES-MaACL |
| Número de control de estantería | F-6483 |
| Sublocalización o colección | R.121486 |
| Estatus retirado | Estado de pérdida | Estado de daño | No para préstamo | Biblioteca de origen | Biblioteca actual | Ubicación en estantería | Fecha de adquisición | Fuente de adquisición | Total de préstamos | Signatura topográfica completa | Código de barras | Visto por última vez | Precio de reemplazo | Tipo de ítem Koha |
|---|---|---|---|---|---|---|---|---|---|---|---|---|---|---|
| Biblioteca del Ateneo de Madrid | Biblioteca del Ateneo de Madrid | Depósito 2 | 17/01/2008 | F-6483 | 1014724 | 23/02/2023 | 23/02/2023 | Libro impreso |
